| 000 | 00529nam a2200193Ia 4500 | ||
|---|---|---|---|
| 008 | 180523s9999 xx 000 0 und d | ||
| 020 | _a978-981-4221-75-7 | ||
| 050 | _aMAIN QD 31.3 | ||
| 050 | _b.I58 2007 | ||
| 245 | 0 | _aIntroduction to general, organic, and biochemistry / | |
| 245 | 0 | _cFrederick A. Bettelheim… [et al]. | |
| 250 | _a8th Edition | ||
| 260 | _bThomson Learning, | ||
| 260 | _c2007 | ||
| 300 | _a804 pages : | ||
| 300 | _c25 cm. | ||
| 500 | _aIncludes index. | ||
| 650 | _aChemistry -- Textbooks. | ||
| 999 |
_c357537 _d357537 |
||